00620nam a2200169 4500003000400000005001700004008004100021040002400062082002300086110003600109245012400145260005400269300002100323650003400344650002600378651004600404INP20260622100022.0180613b1979 ua ||||fr|||| 00| 0 ara d aEG-INPbaracEG-INP04221a338.01724bi m2 ainstitute of national planning. aimproving the position of third world countries in the international cotton economy / cinstitute of national planning. aCairo : binstitute of national planning, c1979. a94 p. ; c30 cm.04aeconomyzdeveloping countries04ainternational economy04adeveloping countriesxeconomic conditions